[Event "Weihnachtsopen (M)"]
[Site "Zürich"]
[Date "2010.12.26"]
[Round "1"]
[White "Meier, Georg"]
[Black "Di Fonzo , Valerio"]
[Result "1-0"]
[WhiteElo "2565"]
[BlackElo "2183"]
[PlyCount "83"]

1. e4 e5 2. Nf3 Nc6 3. Bb5 a6 4. Bxc6 dxc6 5. O-O f6 6. d4 Bg4 7. c3 Bd6 8. Be3
Qe7 9. Nbd2 O-O-O 10. h3 Bh5 11. Qc2 g5 12. dxe5 Bxe5 13. Nxe5 fxe5 14. b4 Be2
15. Rfe1 Bd3 16. Qb2 g4 17. hxg4 Nf6 18. g5 Ng4 19. Nf3 h6 20. Rad1 Bxe4 21.
Rxd8+ Qxd8 22. Bc1 Qd3 23. Qe2 hxg5 24. Qxd3 Bxd3 25. Bxg5 e4 26. Nd2 Rg8 27.
Bh4 Re8 28. f3 Rh8 29. fxg4 Rxh4 30. Nxe4 Bxe4 31. Rxe4 Kd7 32. Kf2 Rh8 33. g5
Rg8 34. Re5 Kd6 35. Rf5 Ke6 36. g4 Rg7 37. Ke3 Rg8 38. Kf4 Rg7 39. c4 Rg8 40.
a3 Rg7 41. Rf6+ Ke7 42. Kf5 1-0

[Event "Weihnachtsopen (M)"]
[Site "Zürich"]
[Date "2010.12.26"]
[Round "1"]
[White "Holm, Kristian Stuvik"]
[Black "Gagunashvili, Merab"]
[Result "0-1"]
[WhiteElo "2183"]
[BlackElo "2619"]
[PlyCount "98"]

1. d4 d6 2. c4 g6 3. e4 Bg7 4. Be2 Nc6 5. Be3 e5 6. Nf3 exd4 7. Nxd4 Nge7 8.
Nc3 O-O 9. O-O f5 10. exf5 Bxd4 11. Bxd4 Nxf5 12. Be3 Nxe3 13. fxe3 Be6 14. Nd5
Rxf1+ 15. Qxf1 Ne5 16. Qf4 c6 17. Nc3 Qb6 18. b3 Rf8 19. Qd4 c5 20. Qd2 Rd8 21.
Nd5 Bxd5 22. Qxd5+ Kg7 23. Rd1 Qc6 24. Qe6 Qd7 25. Qxd7+ Rxd7 26. Bf3 b6 27.
Kf2 Kf6 28. Ke2 Rd8 29. Bb7 Ke7 30. Kd2 Rf8 31. Ke2 Ng4 32. h3 Nf6 33. g4 Nd7
34. Rf1 Rxf1 35. Kxf1 Kf6 36. Bc6 Ne5 37. Be4 Kg5 38. Kg2 Kh4 39. Bd5 Nd3 40.
Be4 Nc1 41. Bb1 Ne2 42. Bc2 Nc3 43. a3 a6 44. Kh2 b5 45. cxb5 Nxb5 46. Bd3 Nxa3
47. Bxa6 Nc2 48. e4 Nd4 49. Bc4 Nf3+ 0-1

[Event "Weihnachtsopen (M)"]
[Site "Zürich"]
[Date "2010.12.26"]
[Round "1"]
[White "Bauer, Christian"]
[Black "Wagner, Dennis"]
[Result "1-0"]
[WhiteElo "2619"]
[BlackElo "2178"]
[PlyCount "99"]

1. d4 Nf6 2. Nf3 e6 3. Bf4 Be7 4. e3 Nh5 5. Bg3 b6 6. Ne5 Nf6 7. Qf3 c6 8. Nd2
O-O 9. Bd3 Bb7 10. Nec4 d5 11. Ne5 c5 12. O-O Nbd7 13. c3 a6 14. Rad1 b5 15.
Bb1 cxd4 16. exd4 Qb6 17. Bh4 Rae8 18. Qh3 g6 19. Ndf3 Nxe5 20. Nxe5 Bc8 21.
Bg5 Nh5 22. Bh6 Ng7 23. a3 Bd8 24. Rfe1 Re7 25. Re3 Rc7 26. Rg3 Re8 27. Bf4 Nf5
28. Bxf5 exf5 29. Qh6 Qf6 30. Nd3 Qg7 31. Qxg7+ Kxg7 32. Bxc7 Bxc7 33. Re3 Rxe3
34. fxe3 Bd6 35. Ra1 Bd7 36. Nb4 Bxb4 37. axb4 Bc8 38. b3 Kf6 39. Kf2 Ke6 40.
Re1 Kd6 41. c4 Be6 42. cxb5 axb5 43. Ra1 Kc7 44. Ra7+ Kb6 45. Re7 Kc6 46. Kf3
Kd6 47. Re8 Kd7 48. Rb8 Kc6 49. Rh8 h5 50. Kf4 1-0

[Event "Weihnachtsopen (M)"]
[Site "Zürich"]
[Date "2010.12.26"]
[Round "1"]
[White "Muheim, Sebastian"]
[Black "Burmakin, Vladimir"]
[Result "0-1"]
[WhiteElo "2175"]
[BlackElo "2604"]
[PlyCount "80"]

1. d4 d5 2. Nf3 c6 3. e3 Bf5 4. Bd3 Bg6 5. c4 e6 6. Nc3 Nd7 7. O-O Ngf6 8. b3
Bd6 9. Bb2 Qe7 10. Qc2 dxc4 11. bxc4 e5 12. Bxg6 hxg6 13. c5 Bc7 14. d5 Qxc5
15. Rac1 e4 16. Nxe4 Qxd5 17. Nxf6+ Nxf6 18. Bxf6 gxf6 19. Rfd1 Qe6 20. Qb2 Qe7
21. Rd4 O-O 22. h4 Rad8 23. h5 g5 24. Qc2 Bb6 25. Rg4 Rd5 26. e4 Rc5 27. Qb2
Rb5 28. Qc2 Qd7 29. Rg3 Rd8 30. e5 Rc5 31. Qb2 Rxc1+ 32. Qxc1 Qd1+ 33. Qxd1
Rxd1+ 34. Kh2 Bc7 35. Kh3 Rd5 36. Rg4 Bxe5 37. Nxe5 Rxe5 38. Ra4 a5 39. Rd4 Kg7
40. g4 Re2 0-1

[Event "Weihnachtsopen (M)"]
[Site "Zürich"]
[Date "2010.12.26"]
[Round "1"]
[White "Hamdouchi, Hicham"]
[Black "Pogan, Nikolas"]
[Result "1-0"]
[WhiteElo "2591"]
[BlackElo "2174"]
[PlyCount "71"]

1. e4 c6 2. c4 d5 3. cxd5 cxd5 4. exd5 Nf6 5. Nc3 Nbd7 6. Nf3 g6 7. d6 exd6 8.
d4 Bg7 9. Qe2+ Qe7 10. Bf4 Qxe2+ 11. Bxe2 Ke7 12. Nb5 Ne8 13. Rc1 Nb6 14. O-O
Be6 15. Rfe1 Nd5 16. Bg5+ Kd7 17. Nxa7 {Diagramm #} Nec7 18. Nb5 Rxa2 19. Nxc7
Nxc7 20. d5 Rxb2 21. dxe6+ fxe6 22. Be3 Ra8 23. Nd4 Bf6 24. Bf3 Raa2 25. g3 d5
26. Rxc7+ Kxc7 27. Nxe6+ Kd6 28. Bc5+ Kc6 29. Be3 Rb4 30. Rc1+ Kd7 31. Nf8+ Kd8
32. Nxh7 Bb2 33. Rd1 d4 34. Kg2 Bc3 35. Nf6 Ke7 36. Nd5+ 1-0

[Event "Weihnachtsopen (M)"]
[Site "Zürich"]
[Date "2010.12.26"]
[Round "1"]
[White "Malakhatko, Vadim"]
[Black "Cavaletto, Massimo"]
[Result "1-0"]
[WhiteElo "2561"]
[BlackElo "2158"]
[PlyCount "43"]

1. d4 e6 2. c4 f5 3. Nc3 Nf6 4. Qc2 Bb4 5. e3 O-O 6. Bd3 b6 7. Nge2 Bb7 8. f3
c5 9. a3 cxd4 10. axb4 dxc3 11. Qxc3 a5 12. bxa5 Rxa5 13. Rxa5 bxa5 14. O-O Nc6
15. Nd4 Nb4 16. Bb1 Ba6 17. Bd2 Qc7 18. Rc1 Rc8 19. Qa3 Qb6 20. Nb3 Rxc4 21.
Rxc4 Bxc4 22. Nxa5 1-0

[Event "Weihnachtsopen (M)"]
[Site "Zürich"]
[Date "2010.12.26"]
[Round "1"]
[White "Rindlisbacher, Jan"]
[Black "Baramidze, David"]
[Result "0-1"]
[WhiteElo "2155"]
[BlackElo "2546"]
[PlyCount "66"]

1. d4 d5 2. c4 e6 3. Nc3 Be7 4. Qc2 dxc4 5. e3 c5 6. dxc5 Na6 7. Bxc4 Nxc5 8.
Nf3 a6 9. O-O b5 10. Be2 Nf6 11. e4 b4 12. e5 bxc3 13. exf6 Bxf6 14. bxc3 Qc7
15. Be3 Bb7 16. Rac1 Be4 17. Qd2 O-O 18. Bg5 Bxf3 19. Bxf3 Rad8 20. Qe3 Rd3 21.
Qf4 e5 22. Qf5 Bxg5 23. Qxg5 Ne6 24. Qf5 Rxc3 25. Rxc3 Qxc3 26. Bd5 Nd4 27. Qd7
Qd3 28. g3 e4 29. Kg2 Qf3+ 30. Kh3 Qh5+ 31. Kg2 Qf3+ 32. Kh3 Nf5 33. Qc7 Ne3
0-1

[Event "Weihnachtsopen (M)"]
[Site "Zürich"]
[Date "2010.12.26"]
[Round "1"]
[White "Meyer, Bernhard"]
[Black "Zude, Arno"]
[Result "1-0"]
[WhiteElo "2139"]
[BlackElo "2470"]
[PlyCount "89"]

1. g3 Nf6 2. Bg2 d5 3. Nf3 c6 4. O-O Bf5 5. b3 e6 6. Bb2 Be7 7. d3 h6 8. e3 O-O
9. Qe2 a5 10. a4 Bh7 11. Kh1 Na6 12. Ne5 Nb4 13. f4 Ne8 14. Ng4 f6 15. Na3 Nc7
16. Rae1 Rf7 17. e4 Qf8 18. Ra1 Rd8 19. e5 f5 20. Ne3 g5 21. g4 gxf4 22. Rxf4
Bg5 23. Rf2 f4 24. Raf1 b5 25. axb5 cxb5 26. Nf5 exf5 27. e6 Nxe6 28. Qxe6 Re8
29. Qb6 Rb8 30. Qxa5 fxg4 31. Nxb5 f3 32. Nd4 Be3 33. Nxf3 Bxf2 34. Ne5 Bb6 35.
Bxd5 {Diagramm #} Bxa5 36. Bxf7+ Qxf7 37. Nxf7 Rb6 38. Ne5 Rd6 39. Nxg4 Nd5 40.
Ra1 Bc7 41. Ne5 Ne3 42. Rg1+ Kf8 43. Ba3 Nf5 44. Bxd6+ Nxd6 45. Nd7+ 1-0

[Event "Weihnachtsopen (M)"]
[Site "Zürich"]
[Date "2010.12.26"]
[Round "1"]
[White "Wuethrich, Lorenz"]
[Black "Moor, Olivier"]
[Result "1/2-1/2"]
[WhiteElo "2119"]
[BlackElo "2428"]
[PlyCount "37"]

1. d4 Nf6 2. c4 e6 3. Nc3 Bb4 4. Qc2 Nc6 5. Nf3 d6 6. Bg5 h6 7. Bd2 a5 8. a3
Bxc3 9. Bxc3 a4 10. e4 Qe7 11. Bd3 b6 12. O-O e5 13. d5 Nb8 14. Be2 Nbd7 15.
Nd2 g5 16. b4 axb3 17. Nxb3 O-O 18. a4 Nc5 19. Nxc5 1/2-1/2

[Event "Weihnachtsopen (M)"]
[Site "Zürich"]
[Date "2010.12.26"]
[Round "1"]
[White "Friedrich, Norbert"]
[Black "Seitz, Benjamin"]
[Result "1-0"]
[WhiteElo "2320"]
[BlackElo "2081"]
[PlyCount "73"]

1. e4 e6 2. d4 d5 3. Nd2 dxe4 4. Nxe4 Bd7 5. Nf3 Bc6 6. Bd3 Nd7 7. O-O Ngf6 8.
Ng3 Be7 9. Qe2 Bxf3 10. Qxf3 c6 11. b3 O-O 12. Bb2 Qc7 13. c4 Rfd8 14. Rfe1 Nf8
15. h4 Ng6 16. h5 Nf4 17. Bf1 g5 18. hxg6 hxg6 19. d5 N6xd5 20. cxd5 Nxd5 21.
Ne4 Qf4 22. Qe2 Nf6 23. Bxf6 Bxf6 24. g3 Qe5 25. Nxf6+ Qxf6 26. Rad1 Kg7 27.
Rxd8 Rxd8 28. Rd1 Rd5 29. Bg2 Rd4 30. Rd2 e5 31. Rxd4 exd4 32. Be4 b6 33. Qf3
Qd6 34. Bxc6 d3 35. Bd5 d2 36. Qc3+ f6 37. Qxd2 1-0

[Event "Weihnachtsopen (M)"]
[Site "Zürich"]
[Date "2010.12.26"]
[Round "1"]
[White "Remensberger, Paul"]
[Black "Gaehler, Marco"]
[Result "0-1"]
[WhiteElo "2075"]
[BlackElo "2319"]
[PlyCount "92"]

1. d4 d6 2. Nf3 Bg4 3. g3 Qc8 4. Bg2 Bh3 5. O-O Nf6 6. Nc3 c5 7. d5 Bxg2 8.
Kxg2 g6 9. Re1 Bg7 10. h3 Nbd7 11. e4 O-O 12. Bf4 b5 13. Qd2 b4 14. Nd1 Re8 15.
a3 a5 16. g4 Nb6 17. axb4 cxb4 18. c3 Nc4 19. Qc1 b3 20. Nd2 a4 21. Nxc4 Qxc4
22. f3 e6 23. Ne3 Qc5 24. dxe6 Rxe6 25. Qd1 Qc6 26. Nd5 Ra5 27. Nb4 Qc5 28. Qd3
a3 29. Rxa3 Rxa3 30. bxa3 d5 31. e5 Nd7 32. Qxd5 Qxd5 33. Nxd5 Bxe5 34. Bd2 Bf4
35. Be3 Bxe3 36. Nxe3 Nc5 37. Kf1 Nd3 38. Rb1 Rxe3 39. Rxb3 Nc5 40. Kf2 Re8 41.
Rb5 Nd3+ 42. Kg3 Rc8 43. a4 Rxc3 44. Kh4 Ne1 45. Rb8+ Kg7 46. f4 Ng2+ 0-1

[Event "Weihnachtsopen (M)"]
[Site "Zürich"]
[Date "2010.12.26"]
[Round "1"]
[White "Paladini, Jean-Michel"]
[Black "Wyss, Jonas"]
[Result "0-1"]
[WhiteElo "2070"]
[BlackElo "2307"]
[PlyCount "74"]

1. c4 g6 2. Nc3 Bg7 3. Nf3 f5 4. d4 Nf6 5. g3 O-O 6. Bg2 d6 7. O-O Qe8 8. Qc2
Na6 9. a3 e5 10. dxe5 dxe5 11. b4 c6 12. Bb2 f4 13. Nd2 g5 14. Nce4 Qh5 15.
Nxf6+ Rxf6 16. Rfe1 Bf5 17. Be4 Rh6 18. Nf1 Bh3 19. Bg2 Bxg2 20. Kxg2 e4 21. f3
fxg3 22. Bxg7 Qh3+ 23. Kg1 gxh2+ 24. Kh1 exf3 25. Ne3 Kxg7 26. exf3 Qxf3+ 27.
Ng2 Rf8 28. Rad1 Kg8 29. c5 Nc7 30. Qc4+ Nd5 31. Rf1 Rh4 32. Rxf3 Rxc4 33. Rg3
h6 34. Kxh2 Rc2 35. Kg1 Nc3 36. Ne1 Ne2+ 37. Kg2 Ra2 0-1

[Event "Weihnachtsopen (A)"]
[Site "Zürich"]
[Date "2010.12.26"]
[Round "1"]
[White "Forster, Martin"]
[Black "Klaus, Ingo"]
[Result "0-1"]
[WhiteElo "2043"]
[BlackElo "1775"]
[PlyCount "88"]

1. e4 e5 2. Nf3 Nc6 3. Bb5 a6 4. Ba4 Nf6 5. O-O b5 6. Bb3 Be7 7. Re1 O-O 8. c3
d6 9. h3 Na5 10. Bc2 c5 11. d4 Qc7 12. Nbd2 Nc6 13. Nf1 cxd4 14. cxd4 exd4 15.
Bb3 Bb7 16. Nxd4 Nxd4 17. Qxd4 Qc5 18. Qd3 Rfe8 19. Ng3 Rad8 20. Be3 Qc8 21.
Bb6 Rd7 22. Rac1 Qa8 23. f3 g6 24. Bd4 Rdd8 25. Qe3 Nd7 26. Qf4 d5 27. e5 Bf8
28. Qg4 Bg7 29. f4 Qb8 30. h4 Nf8 31. h5 Bc8 32. Qf3 Ne6 33. Bf2 d4 34. Ne4 Bb7
35. Qg4 d3 36. Rcd1 Nd4 37. Nf6+ Bxf6 38. exf6 Ne2+ 39. Kf1 Qxf4 40. Qxf4 Nxf4
41. hxg6 hxg6 42. g3 Ne2 43. g4 Bf3 44. g5 d2 0-1

[Event "Weihnachtsopen (A)"]
[Site "Zürich"]
[Date "2010.12.26"]
[Round "1"]
[White "Ernst, Heinz"]
[Black "Kuenzi, Anton"]
[Result "1-0"]
[WhiteElo "2036"]
[BlackElo "1769"]
[PlyCount "85"]

1. d4 Nf6 2. c4 e6 3. Nc3 Bb4 4. a3 Bxc3+ 5. bxc3 d5 6. cxd5 exd5 7. f3 Bf5 8.
e3 O-O 9. Ne2 Re8 10. Ng3 Bg6 11. Bd3 Nbd7 12. O-O Nb6 13. Ra2 Na4 14. Qc2 Bxd3
15. Qxd3 Qd6 16. e4 dxe4 17. fxe4 Qc6 18. e5 Qxc3 19. Qxc3 Nxc3 20. Raf2 Nfd5
21. Rxf7 Rf8 22. e6 Rxf7 23. exf7+ Kf8 24. Bd2 Nb5 25. Ne4 Nd6 26. Ng5 Nf6 27.
Ne6+ Kxf7 28. Nxc7 Rc8 29. Nd5 Nb5 30. Nxf6 gxf6 31. Bg5 Rc6 32. d5 Rd6 33. a4
Nc3 34. Be3 b6 35. a5 Nxd5 36. Rd1 Ke6 37. Bf2 Rd7 38. axb6 axb6 39. Rb1 Rb7
40. Bd4 b5 41. Kf1 b4 42. Rb3 Ra7 43. Bxa7 1-0

[Event "Weihnachtsopen (A)"]
[Site "Zürich"]
[Date "2010.12.26"]
[Round "1"]
[White "Suter, Stephan"]
[Black "Kaufmann, Philipp"]
[Result "1-0"]
[WhiteElo "2021"]
[BlackElo "1766"]
[PlyCount "31"]

1. Nf3 d5 2. c4 c6 3. cxd5 cxd5 4. d4 Nc6 5. Nc3 g6 6. Bf4 a6 7. e3 Nf6 8. h3
Bg7 9. Be2 Bf5 10. Ne5 Nxe5 11. Bxe5 O-O 12. Qb3 Qd7 13. Bxf6 Bxf6 14. Nxd5 Bg7
15. Nb6 Qc6 16. Bf3 1-0

[Event "Weihnachtsopen (A)"]
[Site "Zürich"]
[Date "2010.12.26"]
[Round "1"]
[White "Lutz, Thomas"]
[Black "Müller, Lukas"]
[Result "0-1"]
[WhiteElo "1755"]
[BlackElo "2006"]
[PlyCount "54"]

1. d4 d5 2. Nf3 e6 3. e3 Bd6 4. c4 c6 5. Nc3 f5 6. Bd2 Nf6 7. Be2 O-O 8. O-O
Nbd7 9. cxd5 exd5 10. Rc1 Ne4 11. Nxe4 fxe4 12. Ne1 Qh4 13. g3 Qg5 14. Ng2 Nf6
15. f3 Bh3 16. f4 Qh6 17. Rf2 Rae8 18. Qb3 Re7 19. Bb4 Ne8 20. Bxd6 Nxd6 21.
Qb4 Ref7 22. Qd2 g5 23. fxg5 Rxf2 24. Nf4 R8xf4 25. exf4 Rg2+ 26. Kh1 Qh5 27.
Re1 Qf3 0-1

[Event "Weihnachtsopen (A)"]
[Site "Zürich"]
[Date "2010.12.26"]
[Round "1"]
[White "Sprenger, Raphael"]
[Black "Meier, Florian"]
[Result "1-0"]
[WhiteElo "1997"]
[BlackElo "1754"]
[PlyCount "51"]

1. e4 c5 2. Nf3 Nc6 3. d4 cxd4 4. Nxd4 Nf6 5. Nc3 e5 6. Ndb5 d6 7. Be3 a6 8.
Na3 b5 9. Nd5 Rb8 10. f3 Be7 11. Qd2 O-O 12. Be2 Bb7 13. O-O Nxd5 14. exd5 Nd4
15. Bd3 b4 16. Qxb4 Bxd5 17. Qd2 Rxb2 18. Bxd4 exd4 19. Qf4 Qb6 20. Qf5 g6 21.
Qxd5 Qa7 22. Rfe1 Rc8 23. Re4 Rc5 24. Qxd4 d5 25. Rxe7 Qxe7 26. Qxb2 1-0

[Event "Weihnachtsopen (A)"]
[Site "Zürich"]
[Date "2010.12.26"]
[Round "1"]
[White "Naepflin, Reinhold"]
[Black "Messer, Markus"]
[Result "0-1"]
[WhiteElo "1752"]
[BlackElo "1996"]
[PlyCount "58"]

1. e4 c5 2. Nf3 d6 3. d4 cxd4 4. Nxd4 Nf6 5. Nc3 g6 6. Be3 Bg7 7. f3 Nc6 8. Qd2
O-O 9. Bc4 Bd7 10. O-O-O Ne5 11. Bb3 Qa5 12. Kb1 Rfc8 13. h4 Nc4 14. Bxc4 Rxc4
15. Nb3 Qc7 16. h5 Be6 17. hxg6 hxg6 18. Bd4 b5 19. Rh4 b4 20. Ne2 Rc8 21. Rc1
a5 22. Rch1 Rxc2 23. Qe3 a4 24. Nbc1 Qc4 25. b3 axb3 26. axb3 Qa6 27. Bb2 Rxb2+
28. Kxb2 Nxe4+ 29. Nd4 Qa3+ 0-1

[Event "Weihnachtsopen (A)"]
[Site "Zürich"]
[Date "2010.12.26"]
[Round "1"]
[White "Berset, Alan"]
[Black "Reutimann, Hans-Peter"]
[Result "1-0"]
[WhiteElo "1986"]
[BlackElo "1750"]
[PlyCount "65"]

1. d4 d5 2. c4 c6 3. Nf3 Nf6 4. e3 Bf5 5. Nc3 e6 6. Bd3 Ne4 7. Qc2 Bb4 8. a3
Bxc3+ 9. bxc3 Nd7 10. O-O O-O 11. Ne1 Ndf6 12. f3 Nd6 13. Bxf5 Nxf5 14. e4 Ne7
15. cxd5 cxd5 16. Bg5 Rc8 17. Bxf6 gxf6 18. Rb1 b6 19. Rb3 f5 20. e5 Nc6 21.
Qd2 Qh4 22. f4 Kh8 23. Rf3 Na5 24. Rb1 Qe7 25. Rh3 f6 26. Nf3 Rf7 27. Re1 Nc4
28. Qf2 Rg7 29. exf6 Qxf6 30. Ng5 e5 31. dxe5 Nxe5 32. Rxe5 Rxg5 33. Qh4 1-0

[Event "Weihnachtsopen (A)"]
[Site "Zürich"]
[Date "2010.12.26"]
[Round "1"]
[White "Kuenzli, Thomas"]
[Black "Luethi, Hansueli"]
[Result "1-0"]
[WhiteElo "1974"]
[BlackElo "1743"]
[PlyCount "71"]

1. d4 g6 2. c4 Bg7 3. e4 c5 4. d5 d6 5. Ne2 Nf6 6. Nbc3 a6 7. f3 Bd7 8. Be3 b5
9. Ng3 b4 10. Nce2 h5 11. h4 Qc7 12. Qd2 a5 13. Nf4 a4 14. a3 Qa5 15. Nd3 b3
16. e5 Nh7 17. Ne4 f5 18. Nc3 Na6 19. Bh6 Bxe5 20. Nxe5 dxe5 21. Bg7 Rg8 22.
Qh6 Kf7 23. Bxe5 Nf6 24. Bd3 Nc7 25. O-O Nce8 26. g4 hxg4 27. fxg4 Nxg4 28.
Qh7+ Ng7 29. h5 Nxe5 30. hxg6+ Nxg6 31. Bxf5 e6 32. Bxg6+ Ke7 33. Rf7+ Kd6 34.
Qh2+ e5 35. Ne4+ Kc7 36. Qxe5+ 1-0

[Event "Weihnachtsopen (A)"]
[Site "Zürich"]
[Date "2010.12.26"]
[Round "1"]
[White "Neumann, Horst"]
[Black "Gimmel, Rolf"]
[Result "0-1"]
[WhiteElo "1972"]
[BlackElo "1739"]
[PlyCount "59"]

1. d4 e6 2. Nf3 Nf6 3. Bg5 Be7 4. Nbd2 d5 5. e3 Nbd7 6. Bd3 h6 7. Bh4 c5 8. c3
c4 9. Bc2 b5 10. a4 b4 11. cxb4 Bxb4 12. O-O a5 13. e4 Be7 14. Ne5 Nxe5 15.
dxe5 Nd7 16. Bg3 Bb7 17. exd5 Bxd5 18. Qg4 g5 19. Qe2 Nb6 20. Ne4 O-O 21. Rfd1
Kg7 22. Nf6 Rh8 23. h4 Bxf6 24. exf6+ Kf8 25. Be4 Rc8 26. Qe3 Rg8 27. Qa3+ Ke8
28. Qc3 Rc6 29. Bxd5 Nxd5 30. Qxa5 0-1

[Event "Weihnachtsopen (A)"]
[Site "Zürich"]
[Date "2010.12.26"]
[Round "1"]
[White "Schirowski, Constantin"]
[Black "Suri, Hans"]
[Result "0-1"]
[WhiteElo "1677"]
[BlackElo "1927"]
[PlyCount "58"]

1. d4 Nf6 2. c4 e6 3. Nc3 Bb4 4. Nf3 O-O 5. e3 c5 6. a3 Bxc3+ 7. bxc3 b6 8. Be2
d5 9. cxd5 exd5 10. O-O Ba6 11. Bxa6 Nxa6 12. Qa4 Nc7 13. Qc2 c4 14. a4 Re8 15.
Ne5 Ne6 16. f3 Qc7 17. e4 Nc5 18. exd5 Nxd5 19. Nxc4 Ne6 20. Ne5 Nxd4 21. Qd3
Qxc3 22. Qxc3 Nxc3 23. Ng4 h5 24. Nf2 Nb3 25. Bb2 Ne2+ 26. Kh1 Nxa1 27. Rxa1
Rac8 28. g3 Rc2 29. Ba3 Nxg3+ 0-1

[Event "Weihnachtsopen (A)"]
[Site "Zürich"]
[Date "2010.12.26"]
[Round "1"]
[White "Wisser, Karl"]
[Black "Arocha, Carlos"]
[Result "0-1"]
[WhiteElo "1546"]
[BlackElo "1845"]
[PlyCount "30"]

1. c4 e5 2. Nc3 Nf6 3. g3 Bb4 4. Bg2 O-O 5. e3 Nc6 6. Nge2 Re8 7. a3 Bf8 8. e4
a5 9. d3 h6 10. O-O Ne7 11. f4 d6 12. f5 c6 13. Bd2 Ng4 14. d4 exd4 15. Nb1 Qb6
0-1

[Event "Weihnachtsopen (A)"]
[Site "Zürich"]
[Date "2010.12.26"]
[Round "1"]
[White "Neuberger, Marco"]
[Black "Tuor, Gallus"]
[Result "1-0"]
[WhiteElo "1962"]
[BlackElo "1711"]
[PlyCount "47"]

1. e4 c5 2. d4 cxd4 3. c3 d6 4. Bc4 Nf6 5. Qe2 Nc6 6. h3 g6 7. Nf3 Bg7 8. cxd4
O-O 9. O-O Bd7 10. e5 dxe5 11. dxe5 Ne8 12. e6 fxe6 13. Bxe6+ Bxe6 14. Qxe6+
Kh8 15. Ng5 Ne5 16. Qb3 Qb6 17. Qxb6 axb6 18. Ne6 Rf7 19. Nxg7 Kxg7 20. Rd1 Nd6
21. Nc3 Raf8 22. Be3 b5 23. Bd4 Ndc4 24. b3 1-0

[Event "Weihnachtsopen (A)"]
[Site "Zürich"]
[Date "2010.12.26"]
[Round "1"]
[White "Lachat, Martin"]
[Black "Zindel, Ernst"]
[Result "0-1"]
[WhiteElo "1681"]
[BlackElo "1937"]
[PlyCount "58"]

1. c4 e5 2. Nc3 Nf6 3. g3 d5 4. cxd5 Nxd5 5. Bg2 Nb6 6. Nf3 Nc6 7. O-O Be7 8.
a3 a5 9. b3 Be6 10. Bb2 O-O 11. Qc2 Qd7 12. Rad1 Bh3 13. d3 Bxg2 14. Kxg2 f5
15. Nb5 Bf6 16. Qc5 Be7 17. Qc2 Bd6 18. d4 Nxd4 19. Nbxd4 exd4 20. Rxd4 Qe7 21.
a4 c6 22. e3 Nd5 23. Qc4 Kh8 24. Qe2 Rae8 25. Re1 Bb4 26. Nd2 f4 27. Qg4 fxe3
28. Re4 Qf7 29. Rxe8 Rxe8 0-1

[Event "Weihnachtsopen (A)"]
[Site "Zürich"]
[Date "2010.12.26"]
[Round "1"]
[White "Hoang, Harry"]
[Black "Rueegg, Peter"]
[Result "1-0"]
[WhiteElo "1861"]
[BlackElo "1592"]
[PlyCount "55"]

1. e4 c6 2. c4 e6 3. Nc3 d5 4. exd5 cxd5 5. cxd5 exd5 6. d4 Nf6 7. Nf3 Bb4 8.
Bd3 O-O 9. O-O Bg4 10. Bg5 Be7 11. Re1 Nc6 12. Be2 Be6 13. h3 Re8 14. Rc1 a6
15. Na4 h6 16. Bh4 Bb4 17. Rf1 Rc8 18. Nc5 Bxc5 19. Rxc5 Qd7 20. Bxf6 gxf6 21.
Qd2 Kg7 22. Rfc1 Bxh3 23. gxh3 Qxh3 24. Nh2 Rg8 25. Kh1 Kh8 26. Bf1 Qh5 27.
R1c3 Qf5 28. Qxh6+ 1-0

[Event "Weihnachtsopen (M)"]
[Site "Zürich"]
[Date "2010.12.26"]
[Round "1"]
[White "Ross, Chris"]
[Black "Angst, Robin"]
[Result "1-0"]
[WhiteElo "2223"]
[BlackElo "2005"]
[PlyCount "63"]

1. e4 e5 2. Nf3 d6 3. d4 exd4 4. Nxd4 Nf6 5. Nc3 Be7 6. g3 O-O 7. Bg2 Nc6 8.
O-O Nxd4 9. Qxd4 c6 10. a4 Qb6 11. Qd3 Ng4 12. Qe2 Be6 13. h3 Ne5 14. a5 Qc7
15. b3 f5 16. f4 Ng6 17. exf5 Bxf5 18. Qc4+ Kh8 19. Nd5 Qd7 20. Nxe7 Qxe7 21.
Bd2 d5 22. Qc3 Rae8 23. Rae1 Qd8 24. Be3 Rxe3 25. Qxe3 Bxc2 26. Qxa7 Bd3 27.
Rf2 Ba6 28. Qc5 Qf6 29. f5 d4 30. Re6 Qf7 31. Qxd4 Ne7 32. f6 1-0

[Event "Weihnachtsopen (M)"]
[Site "Zurich"]
[Date "2010.12.27"]
[Round "2"]
[White "Friedrich, Norbert"]
[Black "Meier, Georg"]
[Result "0-1"]
[WhiteElo "2320"]
[BlackElo "2656"]
[PlyCount "86"]

1. e4 c5 2. Nf3 d6 3. d4 cxd4 4. Nxd4 e6 5. c4 Nf6 6. Nc3 Be7 7. Be2 O-O 8. O-O
a6 9. Be3 b6 10. Qd2 Bb7 11. f3 Nbd7 12. Rfc1 Qc7 13. a4 Rab8 14. a5 bxa5 15.
Nb3 Bxe4 16. Nxa5 Ba8 17. b4 Rfc8 18. Na4 Rd8 19. Rab1 h5 20. Qe1 Ne5 21. b5 h4
22. h3 Nfd7 23. b6 Qc8 24. c5 dxc5 25. b7 Rxb7 26. Bxa6 Rxb1 27. Bxc8 Rxc1 28.
Qxc1 Rxc8 29. Qd1 Rd8 30. Qc2 Bd5 31. Nc3 Ra8 32. Nb3 c4 33. Nc1 Bc6 34. f4 Ng6
35. Qe2 Bd6 36. Qxc4 Ne7 37. Nd3 Rc8 38. Qb3 Nf5 39. Bf2 Nf6 40. Kf1 Nh5 41.
Ne2 Be4 42. Ba7 Ra8 43. Bg1 Ra3 0-1

[Event "Weihnachtsopen (M)"]
[Site "Zurich"]
[Date "2010.12.27"]
[Round "2"]
[White "Wyss, Jonas"]
[Black "Hamdouchi, Hicham"]
[Result "1/2-1/2"]
[WhiteElo "2307"]
[BlackElo "2591"]
[PlyCount "109"]

1. d4 d5 2. c4 c6 3. Nf3 Nf6 4. e3 e6 5. b3 Nbd7 6. Bd3 g6 7. O-O Bg7 8. Ba3 c5
9. dxc5 O-O 10. c6 bxc6 11. Bxf8 Qxf8 12. Nbd2 Nc5 13. Be2 Nfe4 14. Nxe4 Nxe4
15. Rc1 Bb7 16. Qc2 Rc8 17. Bd3 Nc5 18. Rfd1 e5 19. Bf1 Ne6 20. cxd5 cxd5 21.
Qd2 Rxc1 22. Rxc1 e4 23. Nd4 Nxd4 24. exd4 Bh6 25. Qd1 Bxc1 26. Qxc1 Qd6 27.
Qc5 Qf4 28. g3 Qf3 29. Qxa7 Kg7 30. Qb8 g5 31. Qc7 h6 32. Qc1 Qg4 33. Qe3 Qd1
34. Kg2 Bc8 35. Be2 Qc2 36. a4 f5 37. Bf1 Qd1 38. Be2 Qc2 39. Bf1 Qd1 40. Qc3
Be6 41. a5 f4 42. gxf4 Bg4 43. fxg5 Bf3+ 44. Kg1 Be2 45. gxh6+ Kh7 46. Qc7+
Kxh6 47. Qd6+ Kg7 48. Qe7+ Kg8 49. Qe8+ Kg7 50. Qe5+ Kf8 51. Qf6+ Ke8 52. Qe6+
Kf8 53. Qc8+ Ke7 54. Qc7+ Ke8 55. Qc8+ 1/2-1/2

[Event "Weihnachtsopen (M)"]
[Site "Zurich"]
[Date "2010.12.27"]
[Round "2"]
[White "Nemcova, Katerina"]
[Black "Stojanovic, Mihajlo"]
[Result "0-1"]
[WhiteElo "2287"]
[BlackElo "2582"]
[PlyCount "76"]

1. e4 e6 2. d4 d5 3. Nc3 Nc6 4. Nf3 Nf6 5. e5 Ne4 6. Bd3 Bb4 7. Bd2 Nxd2 8.
Qxd2 f6 9. a3 Bxc3 10. Qxc3 fxe5 11. dxe5 O-O 12. Qd2 Bd7 13. Qe3 Qe7 14. O-O
Be8 15. Rae1 Rd8 16. Ng5 h6 17. Nh7 Rf5 18. f4 Qh4 19. h3 Kxh7 20. g4 Ne7 21.
Rf3 Bg6 22. gxf5 Bxf5 23. Re2 Bxd3 24. Qxd3+ Nf5 25. Kh2 c5 26. Rg2 c4 27. Qf1
b5 28. a4 bxa4 29. c3 Qe7 30. Qb1 Kh8 31. Rff2 Rb8 32. Qa1 Qe8 33. Qa3 Rb3 34.
Qc5 a3 35. Qxa7 Kh7 36. Re2 d4 37. Rg4 axb2 38. Reg2 Qf8 0-1

[Event "Weihnachtsopen (M)"]
[Site "Zurich"]
[Date "2010.12.27"]
[Round "2"]
[White "Milov, Leonid"]
[Black "Fend, Juergen"]
[Result "1-0"]
[WhiteElo "2564"]
[BlackElo "2232"]
[PlyCount "53"]

1. e4 Nf6 2. e5 Nd5 3. d4 d6 4. Nf3 dxe5 5. Nxe5 c6 6. Be2 Bf5 7. O-O Nd7 8.
Nf3 e6 9. c4 Nb4 10. a3 Na6 11. Nc3 Be7 12. d5 e5 13. b4 Bf6 14. Be3 O-O 15.
Qb3 c5 16. Rad1 Qe7 17. d6 Qe6 18. Rfe1 Rfd8 19. b5 Nab8 20. Nd5 Qxd6 21. Nxf6+
Qxf6 22. Bg5 Qb6 23. Bxd8 Qxd8 24. Nxe5 Qc7 25. Bg4 Bxg4 26. Nxg4 Nf8 27. Re8
1-0

[Event "Weihnachtsopen (M)"]
[Site "Zurich"]
[Date "2010.12.27"]
[Round "2"]
[White "Pikula, Dejan"]
[Black "Haas, Carmi"]
[Result "1-0"]
[WhiteElo "2533"]
[BlackElo "2220"]
[PlyCount "71"]

1. e4 e5 2. Nf3 Nf6 3. Nxe5 d6 4. Nf3 Nxe4 5. Nc3 Nxc3 6. dxc3 Nd7 7. Be3 Be7
8. Qd2 Nc5 9. O-O-O Be6 10. Kb1 Qd7 11. Nd4 a6 12. Nxe6 Nxe6 13. f4 O-O-O 14.
g3 f5 15. Bg2 Rde8 16. Rhe1 Bf6 17. c4 Re7 18. c5 Rhe8 19. Qb4 Qb5 20. Qxb5
axb5 21. cxd6 cxd6 22. Bf2 Nc5 23. Rxe7 Rxe7 24. Bf1 Ne4 25. Be1 g5 26. a3 g4
27. Bxb5 h5 28. Rd5 Kc7 29. Rxf5 Bd4 30. Ba5+ b6 31. Bb4 h4 32. gxh4 Bg1 33. h5
Bxh2 34. h6 Rh7 35. Bd3 Nf2 36. Rf6 1-0